000 01716nam a2200241Ia 4500
008 260220t1971||||xx |||||||||||||| ||spa||
040 _aPY-SlUNAC
_bspa
_erda
041 _aspa
082 _a589.29
_bR354g
100 _aRiveiro Teixeira, Alcides
_eAutor
245 0 _aGéneros de myxomycetes /
_cpor Alcides Riveiro Teixeira [Autor]
264 _aSan Paulo :
_bInstituto de Botánica,
_c℗1971.
300 _a1 volumen
520 _aEl libro "Géneros de myxomycetes" de Alcides Riveiro Teixeira, publicado en 1971 por el Instituto de Botánica de San Paulo, se centra en el estudio taxonómico de los myxomycetes, organismos unicelulares que presentan características tanto de hongos como de protistas. A través de una revisión exhaustiva de los diferentes géneros de estos organismos, el autor proporciona descripciones detalladas, ilustraciones y claves de identificación, facilitando así su clasificación y estudio. La obra se basa en una amplia recopilación de datos bibliográficos y observaciones de campo, lo que la convierte en un recurso valioso para investigadores y aficionados a la micología. Además, el texto aborda la ecología y la distribución geográfica de los myxomycetes, destacando su importancia en los ecosistemas como descomponedores. En conjunto, este libro no solo contribuye al conocimiento taxonómico de los myxomycetes, sino que también promueve la investigación sobre su diversidad y función en el medio ambiente.
653 _aBotánica
653 _aMyxomycetes
653 _aTaxonomía
942 _b2026/02/17
_cBK
999 _c8309
_d8309